Propuesta de ordenamiento municipal para Nueva Guinea, Región Autónoma del Atlántico Sur RAAS, Nicaragua

Presenta propuesta de ordenamiento municipal en el territorio Nueva Guinea, contiene criterios teóricos y conceptuales relacionados al ordenamiento territorial, por su aplicación en la escala municipal, además muestra un análisis de la ocupación espacial del municipio de Nueva Guinea, con el p...

Full description

Bibliographic Details
Main Authors: Zelaya Castellón, Harold Enrique, Narváez Lindo, Hazell Elliet, Navarro Vanegas, Rodrigo Antonio
Other Authors: Tutor: Hernández Hidalgo, Heimdall Verónica
Format: Tesis Section = Libro
Language:Undetermined
Spanish
Published: Managua UNI 2011
Subjects:
LEADER 01427nam a2200265Ia 4500
008 240830s9999 xx 000 0 und d
040 |a BIBLIOTECA-RUSB/ Mon 711.4 Z49 
041 |a spa 
082 |a Mon 711.4 Z49 
100 1 |a Zelaya Castellón, Harold Enrique 
100 1 |b Narváez Lindo, Hazell Elliet 
100 1 |c Navarro Vanegas, Rodrigo Antonio 
245 1 0 |a Propuesta de ordenamiento municipal para Nueva Guinea, Región Autónoma del Atlántico Sur RAAS, Nicaragua 
260 |a Managua  |b UNI  |c 2011 
300 |a 185 p. :il. 
502 |a Tesis (Arquitecto) - UNI, 2011. 
520 3 |a Presenta propuesta de ordenamiento municipal en el territorio Nueva Guinea, contiene criterios teóricos y conceptuales relacionados al ordenamiento territorial, por su aplicación en la escala municipal, además muestra un análisis de la ocupación espacial del municipio de Nueva Guinea, con el planteamiento de proyectos ambientales, productivos, territoriales de equipamiento e infraestructura , teniendo como criterio el mejoramiento de las condiciones de vida de los habitantes y lograr el desarrollo sustentable. 
650 7 |a PLANIFICACIÓN DEL ESPACIO - URBANISMO - NUEVA GUINEA 
650 7 |b  ORDENAMIENTO URBANO 
650 7 |c  DESARROLLO URBANO 
650 7 |d  ZONIFICACIÓN - USO DE SUELO 
700 1 |a Tutor:  |b Hernández Hidalgo, Heimdall Verónica 
942 |c BK  |2 ddc 
991 |a TESIS 
999 |c 20970